Statistics for U.S. Cabinet Departments by Federal Agencies

Click here to take the quiz!

General Stats

  • This quiz has been taken 40 times
  • The average score is 18 of 25

Answer Stats

HintAnswer% Correct
Bureau of Land Management (BLM)Interior
94%
United States MintTreasury
94%
National Park Service (NPS)Interior
91%
Bureau of Indian Affairs (BIA)Interior
88%
Internal Revenue Service (IRS)Treasury
88%
National Institutes of Health (NIH)Health and Human Services
81%
Centers for Disease Control and Prevention (CDC)Health and Human Services
81%
Transportation Security Administration (TSA)Homeland Security
81%
Federal Bureau of Investigation (FBI)Justice
81%
Federal Aviation Administration (FAA)Transportation
81%
Food and Drug Administration (FDA)Health and Human Services
78%
Office of Fair Housing and Equal Opportunity (FHEO)Housing and Urban Development
78%
Drug Enforcement Administration (DEA)Justice
75%
Bureau of Diplomatic Security (DS)State
75%
United States Patent and Trademark Office (USPTO)Commerce
72%
Federal Student Aid (FSA)Education
72%
National Security Agency (NSA)Defense
63%
United States Secret ServiceHomeland Security
63%
United States Forest Service (USFS)Agriculture
59%
Federal Emergency Management Administration (FEMA)Homeland Security
59%
United States Census BureauCommerce
50%
United States Geological Survey (USGS)Interior
50%
Occupational Safety and Health Administration (OSHA)Labor
50%
National Oceanic and Atmospheric Administration (NOAA)Commerce
31%
National Weather Service (NWS)Commerce
28%

Score Distribution

Percentile by Number Answered

Percent of People with Each Score

Your Score History

You have not taken this quiz